LEADER 01756nam a2200301 i 4500 001 000000066927 003 CaOOAMICUS 005 20210729164639.0 008 140131s1947 it u000 u ita u 013 $a38099 040 $aSeMil$bita 100 1 $aMonachino, Vincenzo,$c.$0(OLS)http://semarc/name/9947 245 13$aLa cura pastorale a Milano Cartagine e Roma nel sec. 4. :$bDissertatio ad Lauream in Facultate Historiae Ecclesiasticae P ontificiae Universitatis Gregorianae /$cdi Vincenzo Monachino S. I. 264 1$aRomae :$bApud Aedes Universitatis Gregorianae,$c1947. 300 $aXIX, 441 p. ;$c23 cm. 490 1 $aAnalecta Gregoriana ;$v41. 490 1 $aAnalecta Gregoriana. Series Facultatis Historiae Ecclesiasticae. Sectio B ;$v6 650 4$aChiesa - Storia - Sec. 4. - Cartagine.$0(OLS)http://semarc/subject/50725 650 4$aChiesa - Storia - Sec. 4. - Roma.$0(OLS)http://semarc/subject/50724 650 4$aChiesa - Storia - Sec. 4. - Milano.$0(OLS)http://semarc/subject/50723 650 4$aPastorale - Storia - Sec. 4.$0(OLS)http://semarc/subject/50722 830 0$aAnalecta Gregoriana ;$v41.$0(OLS)http://semarc/title/9 830 0$aAnalecta Gregoriana. Series Facultatis Historiae Ecclesiasticae. Sectio B ;$v6.$0(OLS)http://semarc/title/19232 850 $aSeMil 852 $aSeMil$W1$xVenegono$y1$m2N V 141$j33080$B33080$CSeMilBibl$Z2$F33083 $81 996 $6245$aLa cura pastorale a Milano Cartagine e Roma nel sec. 4. :$bDissertatio ad Lauream in Facultate Historiae Ecclesiasticae P ontificiae Universitatis Gregorianae$9(OLS)http://semarc/title/106554 996 $6264$aRomae :$bApud Aedes Universitatis Gregorianae$9(OLS)http://semarc/publisher/30266 LEADER 01577nam a2200325 i 4500 001 000000354522 003 CaOOAMICUS 005 20230629110441.0 008 230629s2023 fr u000 u fre u 020 $a978-2-204-15489-5 040 $aSeMil$bita 041 1 $afre$alat 100 1 $aCaesarius : Arelatensis,$c.$0(OLS)http://semarc/name/1143 240 10$aExpositio De apocalypsi Sancti Iohannis.$0(OLS)http://semarc/title/411491 245 10$aCommentaire de l'Apocalypse de Jean /$cCésaire d'Arles ; Introduction, texte, traduction et notes Monseigneur Roger Gryson. 264 1$aParis :$bLes Éditions du Cerf,$c2023. 300 $a300 p. ;$c20 cm 490 1 $aSources chrétiennes ;$v636 504 $aBibliographie, p. [9]-11 546 $aTesto in latino e traduzione francese a fronte 650 4$aBibbia. Nuovo Testamento. Apocalisse - Commentari, studi, critica, interpretazioni.$0(OLS)http://semarc/subject/1763 700 1 $aGryson, Roger,$d<1938- >.$0(OLS)http://semarc/name/48 830 0$aSources chrétiennes ;$v636.$0(OLS)http://semarc/title/72 850 $aSeMil 852 $aSeMil$W1$xVenegono$y1$mSL1.U III 636$j241830$B245777$CSeMilBibl$Z2$F245777 $8I 961 $aRilegatura [Cooperativa Legatoria "Il Borgo", doc. 29/09/2023] 996 $6020$a978-2-204-15489-5$9(OLS)http://semarc/number/298438 996 $6245$aCommentaire de l'Apocalypse de Jean$9(OLS)http://semarc/title/444664 996 $6264$aParis :$bLes Éditions du Cerf$9(OLS)http://semarc/publisher/29611